Impact of government policies on investment in the rubber industry of Sri Lanka (Record no. 60742)

MARC details
000 -LEADER
fixed length control field 00441nam a2200133Ia 4500
100 ## - MAIN ENTRY--AUTHOR NAME
Personal name Jayasuriya S K
245 #0 - TITLE STATEMENT
Title Impact of government policies on investment in the rubber industry of Sri Lanka
260 ## - PUBLICATION, DISTRIBUTION, ETC. (IMPRINT)
Name of publisher Proceedings of the International Rubber Conference, Colombo, 1984, V1. Part 2; p675-688
650 ## - SUBJECT ADDED ENTRY--TOPICAL TERM
Topical Term Rubber industry
650 ## - SUBJECT ADDED ENTRY--TOPICAL TERM
Topical Term Sri Lanka
700 ## - ADDED ENTRY--PERSONAL NAME
Personal name Barlow C
942 ## - ADDED ENTRY ELEMENTS (KOHA)
Koha item type Journals
Holdings
Withdrawn status Lost status Damaged status Not for loan Home library Current library Shelving location Date acquired Koha item type
      Journals RRII Library RRII Library Agricultural economics 17/12/2021 Journals